My Antonia / (Record no. 3827)

MARC details
000 -LEADER
fixed length control field 00824cam a2200253 4500
001 - CONTROL NUMBER
control field 4616
010 ## - LIBRARY OF CONGRESS CONTROL NUMBER
LC control number 2004030400
020 ## - INTERNATIONAL STANDARD BOOK NUMBER
International Standard Book Number 0451529723 (pbk. : mass market)
100 1# - MAIN ENTRY--PERSONAL NAME
Personal name Cather, Willa,
Dates associated with a name 1873-1947.
245 10 - TITLE STATEMENT
Title My Antonia /
Statement of responsibility, etc. Willa Cather ; with a new introduction by Marilyn Sides.
260 ## - PUBLICATION, DISTRIBUTION, ETC.
Place of publication, distribution, etc. New York :
Name of publisher, distributor, etc. Signet Classics,
Date of publication, distribution, etc. c2005.
300 ## - PHYSICAL DESCRIPTION
Extent 286 p. :
Other physical details ill. ;
Dimensions 18 cm.
504 ## - BIBLIOGRAPHY, ETC. NOTE
Bibliography, etc. note Includes bibliographical references (p. 21).
650 #0 - SUBJECT ADDED ENTRY--TOPICAL TERM
Topical term or geographic name entry element Czech Americans
Form subdivision Fiction.
Topical term or geographic name entry element Farm life
Form subdivision Fiction.
Topical term or geographic name entry element Farmers' spouses
Form subdivision Fiction.
Topical term or geographic name entry element Married women
Form subdivision Fiction.
Topical term or geographic name entry element Women immigrants
Form subdivision Fiction.
Topical term or geographic name entry element Women pioneers
Form subdivision Fiction.
651 #0 - SUBJECT ADDED ENTRY--GEOGRAPHIC NAME
Geographic name Nebraska
Form subdivision Fiction.
655 #7 - INDEX TERM--GENRE/FORM
Genre/form data or focus term Domestic fiction.
Source of term lcsh
Genre/form data or focus term Western stories.
Source of term gsafd
700 1# - ADDED ENTRY--PERSONAL NAME
Personal name Sides, Marilyn.
Holdings
Withdrawn status Lost status Source of classification or shelving scheme Damaged status Not for loan Collection code Home library Current library Shelving location Date acquired Serial Enumeration / chronology Inventory number Total Checkouts Full call number Barcode Date last seen Price effective from Koha item type
    Dewey Decimal Classification     Main TEST RTC Library RTC Library Main opac 27/11/2018 7315   813.52 CAT 30007413 27/11/2018 27/11/2018 Main
Royal Thimphu College || All Right Reserved